00775nam a2200241Ia 4500008004100000020001800041050001900059050001400078245002900092245002900121260001600150260002700166260000900193300001600202300002000218300001100238650002700249650004400276650002400320650004500344999001900389952012500408160621s9999 xx 000 0 und d a81-261-1679-X aComSc LC 5800  b.E38 2004 aEducation via internet / cedited by S. Venkataiah. aNew Delhi : bAmnol Pub., Pvt. Ltd., c2004 a260 pages : billustrations ; c22 cm. aInternet in education. aTeaching -- Computer network resources. xDistance education. xEducation -- Computer network resources. c296103d296103 001040aSMCbSMCcComScd2005-03-07g608.00l0oComSc LC 5800 .E38 2004pSMC01896r2016-06-21 00:00:00w2016-06-21yBK